ՄԱՅՐ ԱԹՈՌ ՍՈՒՐԲ ԷՋՄԻԱԾԻՆ

«ՎԱՉԵ ԵՎ ԹԱՄԱՐ ՄԱՆՈՒԿՅԱՆ» ՄԱՏԵՆԱԴԱՐԱՆ

Դատարան և արդարադատություն: / (Record no. 69827)

MARC details
000 -LEADER
fixed length control field 01124nam a22002657a 4500
003 - CONTROL NUMBER IDENTIFIER
control field SEM
005 - DATE AND TIME OF LATEST TRANSACTION
control field 20220608074449.0
008 - FIXED-LENGTH DATA ELEMENTS--GENERAL INFORMATION
fixed length control field 191011b ||||| |||| 00| 0 arm d
020 ## - INTERNATIONAL STANDARD BOOK NUMBER
International Standard Book Number 9789939511337
040 ## - CATALOGING SOURCE
Original cataloging agency SEM
Transcribing agency SEM
041 ## - LANGUAGE CODE
Language code of text/sound track or separate title arm.
080 ## - UNIVERSAL DECIMAL CLASSIFICATION NUMBER
Universal Decimal Classification number 347(47.925)/Ե-17
100 ## - MAIN ENTRY--PERSONAL NAME
Personal name Ենգիբարյան Վահե
245 ## - TITLE STATEMENT
Title Դատարան և արդարադատություն: /
Statement of responsibility, etc. Վ. Ենգիբարյան; Խմբ.՝ Հ. Սարգսյան, Ա. Հարությունյան; ՀՀ Դատավորների միություն
246 ## - VARYING FORM OF TITLE
Title proper/short title Court and justice.
Remainder of title Family law manual. /
260 ## - PUBLICATION, DISTRIBUTION, ETC.
Place of publication, distribution, etc. Երևան:
Name of publisher, distributor, etc. Անտարես,
Date of publication, distribution, etc. 2009.
300 ## - PHYSICAL DESCRIPTION
Extent 90 էջ;
Dimensions 20 սմ
440 ## - SERIES STATEMENT/ADDED ENTRY--TITLE
Title Ընտանեկան հանրամատչելի իրավաբանական գրադարան
504 ## - BIBLIOGRAPHY, ETC. NOTE
Bibliography, etc. note Ծանոթագր.՝ էջ 90
650 ## - SUBJECT ADDED ENTRY--TOPICAL TERM
Topical term or geographic name entry element Դատական համակարգ
Geographic subdivision Հայաստանի Հանրապետություն
700 ## - ADDED ENTRY--PERSONAL NAME
Personal name Սարգսյան Հրաչիկ
Relator term խմբ.
Relationship edt.
700 ## - ADDED ENTRY--PERSONAL NAME
Personal name Հարությունյան Ամալյա
Relator term խմբ.
Relationship edt.
710 ## - ADDED ENTRY--CORPORATE NAME
Corporate name or jurisdiction name as entry element ՀՀ Դատավորների միություն
942 ## - ADDED ENTRY ELEMENTS (KOHA)
Source of classification or shelving scheme Universal Decimal Classification
Koha item type Գրքեր/Books
Holdings
Withdrawn status Lost status Source of classification or shelving scheme Damaged status Not for loan Collection code Home library Current library Date acquired Cost, normal purchase price Inventory number Total Checkouts Full call number Barcode Date last seen Price effective from Koha item type Public note
    Universal Decimal Classification     Գրապահոց Մայր Աթոռ Սուրբ Էջմիածին «Վաչե և Թամար Մանուկյան» Մատենադարան Մայր Աթոռ Սուրբ Էջմիածին «Վաչե և Թամար Մանուկյան» Մատենադարան 11/10/2019 1000.00 24341   347(47.925)/Ե-17 24341 11/10/2019 11/10/2019 Գրքեր/Books Սպասարկվում է ընթերցասրահ